ARRUPE JESUIT UNIVERSITY

CORONAVIRUS -STOP THE SPREAD - CLEAN,DISINFECT,COVER

New rules of sociological method : (Record no. 118355)

MARC details
000 -LEADER
fixed length control field 00882cam a2200301 i 4500
001 - CONTROL NUMBER
control field 60850
003 - CONTROL NUMBER IDENTIFIER
control field ARRUPE
005 - DATE AND TIME OF LATEST TRANSACTION
control field 20131015132421.0
008 - FIXED-LENGTH DATA ELEMENTS--GENERAL INFORMATION
fixed length control field 780930s1976 nyu b 001 0 eng
010 ## - LIBRARY OF CONGRESS CONTROL NUMBER
LC control number 76009672
020 ## - INTERNATIONAL STANDARD BOOK NUMBER
International Standard Book Number 0465050832 :
Terms of availability $10.95
035 ## - SYSTEM CONTROL NUMBER
System control number (OCoLC)2760738
035 ## - SYSTEM CONTROL NUMBER
System control number (OCoLC)ocm02760738
035 ## - SYSTEM CONTROL NUMBER
System control number (CStRLIN)NYCG8124817-B
035 ## - SYSTEM CONTROL NUMBER
System control number (NNC)60850
040 ## - CATALOGING SOURCE
Transcribing agency DLC
050 0# - LIBRARY OF CONGRESS CALL NUMBER
Classification number HM19
Item number .G532
300 ## - PHYSICAL DESCRIPTION
Dimensions 23 cm.
100 1# - MAIN ENTRY--PERSONAL NAME
Personal name Giddens, Anthony.
9 (RLIN) 2562
245 10 - TITLE STATEMENT
Title New rules of sociological method :
Remainder of title a positive critique of interpretative sociologies /
Statement of responsibility, etc Anthony Giddens.
260 ## - PUBLICATION, DISTRIBUTION, ETC. (IMPRINT)
Place of publication, distribution, etc New York :
Name of publisher, distributor, etc Basic Books,
Date of publication, distribution, etc c1976.
300 ## - PHYSICAL DESCRIPTION
Extent 192 p. ;
500 ## - GENERAL NOTE
General note Includes index.
504 ## - BIBLIOGRAPHY, ETC. NOTE
Bibliography, etc Bibliography: p. [179]-187.
650 #0 - SUBJECT ADDED ENTRY--TOPICAL TERM
Topical term or geographic name as entry element Sociology
General subdivision History.
9 (RLIN) 2563
650 #0 - SUBJECT ADDED ENTRY--TOPICAL TERM
Topical term or geographic name as entry element Sociology
General subdivision Methodology.
9 (RLIN) 2564
942 ## - ADDED ENTRY ELEMENTS (KOHA)
Source of classification or shelving scheme Library of Congress Classification
Koha item type Monograph ( Printed materials)
Holdings
Withdrawn status Lost status Source of classification or shelving scheme Damaged status Not for loan Collection code Home library Current library Shelving location Date acquired Total Checkouts Full call number Barcode Date last seen Date checked out Price effective from Koha item type
    Library of Congress Classification     Main Collection ARRUPE LIBRARY ARRUPE LIBRARY Main Collection 15/10/2013 1 HM19 .G532 46410700 30/04/2018 12/04/2017 15/10/2013 Monograph ( Printed materials)

 

Arrupe Library. PO Box MP320 Mt Pleasant, Harare, Zimbabwe
263 242 745411|librarian@aju.ac.zw